Ľ. Belás ponúka viacero uhlov pohľadu na Machiavelliho

Bibliographic Details
Main Author: Krausová, Adriana (Author)
Format: Article
Language:Slovak
Subjects:

MARC

LEADER 00000nab a2200000 a 4500
001 vtls009168956
003 SK-MaSNL
005 20260303055127.0
008 071220c200704 xo r p 000 00slo
015 |a SNBRB2007/12VKPO 
038 |a SVKPOCL 
040 |a SVKPOCL  |b slo  |c AACR2  |e AACR2 
041 |a slo 
044 |a xo  |c SK 
080 |a 14(450)"13/15"  |2 2001 
080 |a 1:32  |2 2001 
080 |a 101-051  |2 2001 
080 |a 32-051  |2 2001 
080 |a (048.8)  |2 2001 
080 |a (048)  |2 2001 
100 1 |a Krausová, Adriana  |4 aut  |9 1050094 
245 1 0 |a Ľ. Belás ponúka viacero uhlov pohľadu na Machiavelliho  |c Adriana Krausová 
300 |a Obr. 
600 1 7 |a Machiavelli, Niccolò,  |d 1469-1527  |2 svkpocl 
600 1 7 |a Belás, Ľubomír,  |d 1957-2022  |t Machiavelli dnes  |2 svkpocl  |9 1050095 
650 0 7 |a renesančná filozofia  |2 svkpocl  |9 32234 
650 0 7 |a filozofia a politika  |2 svkpocl  |9 82502 
655 7 |a recenzie  |2 svkpocl  |9 21907 
655 7 |a monografie  |2 svkpocl  |9 70139 
773 0 |t Prešovská univerzita  |g Roč. XI, č. 4 (2007), s. 22 
787 0 8 |i Rec. :  |a Belás, Ľubomír  |t Machiavelli dnes : politický, kognitívny a sociálno-etický rozmer diela  |d Prešov : Filozofická fakulta Prešovskej univerzity, 2007  |z 9788080686291 
852 |a SVKPO  |b KIS3GCP 
958 |a RC 
999 |c 1726041  |d 1727971